Construction deaths drop (Record no. 71856)

MARC details
000 -LEADER
fixed length control field 01126cam a2200205 4500
001 - CONTROL NUMBER
control field WB3901-06
008 - FIXED-LENGTH DATA ELEMENTS--GENERAL INFORMATION
fixed length control field 030103n2002 000 0 eng u
035 ## - SYSTEM CONTROL NUMBER
System control number (Sirsi) u120889
245 ## - TITLE STATEMENT
Title Construction deaths drop
260 ## - PUBLICATION, DISTRIBUTION, ETC.
Date of publication, distribution, etc. 2002
490 ## - SERIES STATEMENT
Series statement Construction News
Volume/sequential designation (6796) 12 December 2002, 3(1)
490 ## - SERIES STATEMENT
Series statement HSE News Release
Volume/sequential designation 8 January 2003, (3)
520 ## - SUMMARY, ETC.
Summary, etc. Health and Safety Executive (HSE) figures reveal that the number of fatal injuries to construction workers dropped to 79 in 2001-02 from 105 in 2000-01. Despite this reduction of 25%, the construction industry still accounts for 32% of all industry deaths. HSE statistics available from www.hse.gov.uk/statistics/overpic.htm HSE report "Health and safety in the construction industry: progress since the February 2001summit" available at www.hse.gov.uk/spd/pdf/report2.pdf www.nds.coi.gov.uk/coi/coipress.nsf/7e4cd219f1e58adf802565250034fa39/4050592d74be735d80256ca8003c501e?OpenDocument
590 ## - LOCAL NOTE (RLIN)
Local note WB
650 ## - SUBJECT ADDED ENTRY--TOPICAL TERM
Topical term or geographic name entry element CONSTRUCTION INDUSTRY
650 ## - SUBJECT ADDED ENTRY--TOPICAL TERM
Topical term or geographic name entry element HSE
650 ## - SUBJECT ADDED ENTRY--TOPICAL TERM
Topical term or geographic name entry element SITE SAFETY
690 ## - LOCAL SUBJECT ADDED ENTRY--TOPICAL TERM (OCLC, RLIN)
Topical term or geographic name as entry element BUILT ENVIRONMENT-BUILDING STANDARDS
942 ## - ADDED ENTRY ELEMENTS (KOHA)
Suppress in OPAC 0
Holdings
Withdrawn status Lost status Source of classification or shelving scheme Damaged status Not for loan Home library Current library Shelving location Date acquired Total Checkouts Full call number Barcode Date last seen Copy number Price effective from Koha item type
    Dewey Decimal Classification     London London News article 03/01/2003   WB3901-06 120889-1001 06/08/2019 1 06/08/2019 News article